Chính sách thương mại, đầu tư và sự phát triển 1 số ngành công nghiệp chủ lực của Việt Nam
v.v...
Đã lưu trong:
| Tác giả chính: | |
|---|---|
| Định dạng: | Sách |
| Năm xuất bản: |
H.
Khoa học xã hội
1998
|
| Chủ đề: | |
| Tags: |
Thêm thẻ
Không có thẻ, Hãy là người đầu tiên gắn thẻ bản ghi này!
|
| LEADER | 00857nam a2200181 4500 | ||
|---|---|---|---|
| 082 | |a 381.3 |b CH312s. | ||
| 100 | |a Võ Đại Lược | ||
| 245 | |a Chính sách thương mại, đầu tư và sự phát triển 1 số ngành công nghiệp chủ lực của Việt Nam |c Võ Đại Lược chủ biên, Lê Bộ Lĩnh, Lê Văn Sang,... | ||
| 260 | |a H. |b Khoa học xã hội |c 1998 | ||
| 300 | |a 253 tr. |c 19 cm | ||
| 520 | |a v.v... | ||
| 653 | |a Thương mại | ||
| 653 | |a Chính sách | ||
| 653 | |a Việt Nam | ||
| 942 | |2 ddc |c STK0 | ||
| 999 | |c 9813 |d 9813 | ||
| 952 | |0 0 |1 0 |2 ddc |4 0 |6 381_300000000000000_CH312S |7 0 |8 300 |9 77460 |a qbu |b qbu |c D2 |d 2015-06-11 |g 25000 |o 381.3 CH312s. |p 9406.c1 |r 0000-00-00 |w 2015-06-11 |y STK0 | ||
| 952 | |0 0 |1 0 |2 ddc |4 0 |6 381_300000000000000_CH312S |7 0 |8 300 |9 77461 |a qbu |b qbu |c D2 |d 2015-06-11 |g 25000 |o 381.3 CH312s. |p 9406.c2 |r 0000-00-00 |w 2015-06-11 |y STK0 | ||